Crowfounding - forma financovania pre malé a stredné podniky diplomová práca

Gespeichert in:
Bibliographische Detailangaben
1. Verfasser: Stupár, Dávid
Körperschaft: Fakulta podnikového manažmentu EU. Katedra podnikovohospodárska
Weitere Verfasser: Majdúchová, Helena, 1963-
Format: Buch
Sprache:Slowakisch
Veröffentlicht: Bratislava 2021
Tags: Tag hinzufügen
Keine Tags, Fügen Sie das erste Tag hinzu!

MARC

LEADER 00000nbm a2200000 4500
001 0275487
005 20211203095337.7
041 0 |a slo 
044 |a SK 
245 1 0 |a Crowfounding - forma financovania pre malé a stredné podniky  |b diplomová práca  |c Dávid Stupár ; školiteľ: Helena Majdúchová 
264 1 |a Bratislava  |c 2021 
300 |a 72 s. 
100 1 |a Stupár, Dávid 
700 1 |a Majdúchová, Helena, 1963- 
710 2 |a Fakulta podnikového manažmentu EU. Katedra podnikovohospodárska